000 00333nam a2200121 4500
008 230621b xxu||||| |||| 00| 0 eng d
050 _a328.03
_bCPA 1990
082 _bCPA 1990
245 _aReport of the Commonwealth Parliamentary Association
260 _aZimbabwe
_bParliament of Zimbabwe
_c1990
300 _a19p
942 _2ddc
_cBK
999 _c2186
_d2186